| 000 | 00615nam a2200169Ia 4500 | ||
|---|---|---|---|
| 005 | 20250923145309.0 | ||
| 008 | 008 250917s9999 xx 000 0 eng d | ||
| 037 | _aTextual | ||
| 040 |
_aDSWL _beng _cDSWL |
||
| 041 |
_aeng _2eng |
||
| 084 |
_aYX _qDSWL |
||
| 100 |
_aGuzman, Leonora S. _9833810 |
||
| 245 | 0 |
_aPhilippines department of Social welfare : Its establishment and historical development _c by Leonora S. Guzman |
|
| 260 |
_aManila _bPhilippines Bureau of Training , Research and Special Projects of Philippine Dept.of social welfare UNICEF |
||
| 942 |
_cTEXL _hYX |
||
| 999 |
_c1449630 _d1449630 |
||